Business communication : (Record no. 79)
[ view plain ]
| 000 -LEADER | |
|---|---|
| fixed length control field | 00889cam a2200265 a 4500 |
| 003 - CONTROL NUMBER IDENTIFIER | |
| control field | BD-DhUIB |
| 005 - DATE AND TIME OF LATEST TRANSACTION | |
| control field | 20210322105749.0 |
| 008 - FIXED-LENGTH DATA ELEMENTS--GENERAL INFORMATION | |
| fixed length control field | 060727s2008 maua b 001 0 eng |
| 020 ## - INTERNATIONAL STANDARD BOOK NUMBER | |
| International Standard Book Number | 978935134296 |
| 020 ## - INTERNATIONAL STANDARD BOOK NUMBER | |
| International Standard Book Number | 935134296 |
| 040 ## - CATALOGING SOURCE | |
| Original cataloging agency | DLC |
| Transcribing agency | DLC |
| Modifying agency | BD-DhUIB |
| 082 00 - DEWEY DECIMAL CLASSIFICATION NUMBER | |
| Classification number | 658.45 |
| Edition number | 22 |
| 245 10 - TITLE STATEMENT | |
| Title | Business communication : |
| Remainder of title | connecting in a digital world / |
| Statement of responsibility, etc. | by Raymond V. Lesikar...[at al.]. |
| 250 ## - EDITION STATEMENT | |
| Edition statement | 13th ed. |
| 260 ## - PUBLICATION, DISTRIBUTION, ETC. | |
| Place of publication, distribution, etc. | New Delhi : |
| Name of publisher, distributor, etc. | McGraw-Hill/Irwin, |
| Date of publication, distribution, etc. | c2015. |
| 300 ## - PHYSICAL DESCRIPTION | |
| Extent | xxxvii, 772 p. : |
| Other physical details | ill. ; |
| Dimensions | 24 cm. |
| 500 ## - GENERAL NOTE | |
| General note | Rev. ed. of: Basic business communication. 10th ed. c2005. |
| 504 ## - BIBLIOGRAPHY, ETC. NOTE | |
| Bibliography, etc. note | Includes bibliographical references and index. |
| 526 ## - STUDY PROGRAM INFORMATION NOTE | |
| Program name | BBA. |
| 650 #0 - SUBJECT ADDED ENTRY--TOPICAL TERM | |
| Topical term or geographic name entry element | Commercial correspondence. |
| 9 (RLIN) | 101 |
| 650 #0 - SUBJECT ADDED ENTRY--TOPICAL TERM | |
| Topical term or geographic name entry element | English language |
| General subdivision | Business English. |
| 9 (RLIN) | 102 |
| 650 #0 - SUBJECT ADDED ENTRY--TOPICAL TERM | |
| Topical term or geographic name entry element | Business communication. |
| 9 (RLIN) | 28 |
| 700 1# - ADDED ENTRY--PERSONAL NAME | |
| Personal name | ( Late) Lesikar, Raymond V. |
| 9 (RLIN) | 147 |
| 942 ## - ADDED ENTRY ELEMENTS (KOHA) | |
| Source of classification or shelving scheme | Dewey Decimal Classification |
| Koha item type | Books |
| Withdrawn status | Lost status | Source of classification or shelving scheme | Damaged status | Not for loan | Collection code | Home library | Current library | Shelving location | Date acquired | Source of acquisition | Total Checkouts | Full call number | Barcode | Date due | Date last seen | Date last checked out | Copy number | Price effective from | Koha item type |
|---|---|---|---|---|---|---|---|---|---|---|---|---|---|---|---|---|---|---|---|
| Dewey Decimal Classification | Fiction | IBA Library | IBA Library | General Stacks | 10/01/2016 | Shaurov Publisher & Distributer | 1 | 658.45 L629b 13th ed. | 00050718 | 10/27/2025 | 10/13/2025 | 10/13/2025 | C-1 | 03/22/2021 | Books | ||||
| Dewey Decimal Classification | Fiction | IBA Library | IBA Library | General Stacks | 10/01/2016 | Shaurov Publisher & Distributer | 2 | 658.45 L629b 13th ed. | 00050719 | 10/27/2025 | 10/13/2025 | 10/13/2025 | C-2 | 03/22/2021 | Books | ||||
| Dewey Decimal Classification | Fiction | IBA Library | IBA Library | General Stacks | 10/01/2016 | Shaurov Publisher & Distributer | 658.45 L629b 13th ed. | 00050720 | 03/22/2021 | C-3 | 03/22/2021 | Books | |||||||
| Dewey Decimal Classification | Fiction | IBA Library | IBA Library | General Stacks | 10/01/2016 | Shaurov Publisher & Distributer | 658.45 L629b 13th ed. | 00050721 | 03/22/2021 | C-4 | 03/22/2021 | Books | |||||||
| Dewey Decimal Classification | Fiction | IBA Library | IBA Library | General Stacks | 10/01/2016 | Shaurov Publisher & Distributer | 658.45 L629b 13th ed. | 00050722 | 03/22/2021 | C-5 | 03/22/2021 | Books | |||||||
| Dewey Decimal Classification | Fiction | IBA Library | IBA Library | General Stacks | 10/01/2016 | Shaurov Publisher & Distributer | 658.45 L629b 13th ed. | 00050723 | 03/22/2021 | C-6 | 03/22/2021 | Books | |||||||
| Dewey Decimal Classification | Fiction | IBA Library | IBA Library | General Stacks | 10/01/2016 | Shaurov Publisher & Distributer | 658.45 L629b 13th ed. | 00050724 | 03/22/2021 | C-7 | 03/22/2021 | Books | |||||||
| Dewey Decimal Classification | Fiction | IBA Library | IBA Library | General Stacks | 10/01/2016 | Shaurov Publisher & Distributer | 1 | 658.45 L629b 13th ed. | 00050725 | 10/26/2025 | 10/12/2025 | 10/12/2025 | C-8 | 03/22/2021 | Books | ||||
| Dewey Decimal Classification | Fiction | IBA Library | IBA Library | General Stacks | 10/01/2016 | Shaurov Publisher & Distributer | 658.45 L629b 13th ed. | 00050726 | 03/22/2021 | C-9 | 03/22/2021 | Books | |||||||
| Dewey Decimal Classification | Fiction | IBA Library | IBA Library | General Stacks | 10/01/2016 | Shaurov Publisher & Distributer | 1 | 658.45 L629b 13th ed. | 00050727 | 11/29/2025 | 11/15/2025 | 11/15/2025 | C-10 | 03/22/2021 | Books |
